Division I or II Athletics Quiz Stats

 Plays Quiz Updated Aug 29, 2019

Score 0/50 Timer 07:00
2 Plays Today
% Correct
Division I
81.5%
Division I
81.3%
Division I
79.8%
Division I
78%
Division I
76.9%
Division II
76.1%
Division II
75.1%
Division II
74.2%
Division II
72.6%
Division II
72.6%
Division I
72.5%
Division II
72.4%
Division II
71%
Division II
70.4%
Division I
70.1%
Division II
69.8%
Division II
69.2%
Division I
68.1%
Division I
67.5%
Division II
66.7%
Division I
66.2%
Division I
65.5%
Division I
65.3%
Division I
64.5%
Division I
64.2%
% Correct
Division I
63.8%
Division I
63.8%
Division I
63.4%
Division II
62.6%
Division II
61.7%
Division II
60.9%
Division I
60.7%
Division II
60%
Division II
57.9%
Division II
57.2%
Division I
56.8%
Division II
56.8%
Division I
56.2%
Division II
56%
Division I
55.9%
Division II
55.4%
Division II
51.3%
Division I
50.9%
Division I
49.6%
Division II
48%
Division II
47.4%
Division II
46.4%
Division II
45.8%
Division I
44.6%
Division I
39.7%

You're not logged in!

Compare scores with friends on all Sporcle quizzes.
OR
Log In

Sporcle TV

Today on Sporcle TV


Watch our educational content, quiz creation guides, and fun videos on Sporcle TV.

Show Comments

Extras

Top Quizzes Today


Score Distribution

Your Account Isn't Verified!

In order to create a playlist on Sporcle, you need to verify the email address you used during registration. Go to your Sporcle Settings to finish the process.

Report this User

Report this user for behavior that violates our Community Guidelines.

Details: